Meilleurs pays du monde en luge - Statistiques

Statistiques générales
  • Ce quiz a été pris 59 fois
  • Le résultat moyen est 22 sur 27
Statistiques - réponses
Nombre de médailles
or + argent
Pays % Correct
5 19 Etats-Unis
98%
4 6 Etats-Unis
98%
5 25 Etats-Unis
98%
4 23 Russie
96%
6 4 Russie
96%
4 27 Russie
96%
10 1 Norvège
91%
10 1 Norvège
91%
9 5 Suisse
87%
9 5 Suisse
87%
Championnat du monde 1 181 Allemagne
85%
Jeux olympiques 1 48 Allemagne
85%
Cumul JO et Championnat du monde 1 229 Allemagne
85%
8 8 Canada
85%
7 2 Canada
85%
8 10 Canada
85%
3 67 Italie
80%
3 19 Italie
80%
3 86 Italie
80%
2 104 Autriche
78%
2 24 Autriche
78%
2 128 Autriche
78%
6 16 Pologne
67%
7 16 Pologne
67%
7 14 Lettonie
40%
5 5 Lettonie
40%
6 19 Lettonie
40%
Aucun quiz correspondant
Distribution des résultats
% des personnes avec chaque résultat
Percentile par nombre de réponses
Votre historique - résultats
Vous n’avez pas pris ce quiz